[Event "CP-2011-P-00007"]
[Site "LSS email"]
[Date "2011.09.30"]
[Round "?"]
[White "Cottegnie, Alain"]
[Black "Salonen, Jukka"]
[Result "0-1"]
[WhiteElo "1125"]
[BlackElo "1774"]
[PlyCount "80"]
[EventDate "2011.10.01"]
[EventType "tourn (corr)"]
[EventRounds "6"]
[EventCountry "GER"]
[SourceTitle "Telechess CBM 153"]
[Source "ChessBase"]
[SourceDate "2013.03.14"]
[SourceVersion "1"]
[SourceVersionDate "2013.03.14"]
[SourceQuality "1"]

1. c4 e5 2. Nc3 Nf6 3. Nf3 Nc6 4. g3 Bc5 5. Bg2 0-0 6. 0-0 d6 7. d3 h6 8. a3 a5 9. Na4 Ba7 10. Nc3 Re8 11. Bd2 Bc5 12. e4 Bg4 13. h3 Bxf3 14. Qxf3 Nd4 15. Qd1 Qd7 16. Ne2 Ne6 17. b3 Ng5 18. Bxg5 hxg5 19. Qd2 g4 20. Kh2 c6 21. f4 Bb6 22. h4 Bc5 23. b4 Bb6 24. Rab1 axb4 25. axb4 Nh5 26. c5 Bc7 27. fxe5 dxe5 28. Qg5 g6 29. Rfd1 Ra2 30. Rd2 Ra3 31. Nc1 b5 32. Rb3 Ra1 33. Ra2 Rxa2 34. Nxa2 Nf4 35. Ra3 Kg7 36. Ra7 f6 37. Rxc7 Qxc7 38. Qxg4 Nxd3 39. h5 Qf7 40. Qe2 Rd8 0-1

[Event "CP-2011-P-00007"]
[Site "LSS email"]
[Date "2011.09.30"]
[Round "?"]
[White "Sukhanitskij, Stanislav"]
[Black "Cottegnie, Alain"]
[Result "1-0"]
[WhiteElo "1950"]
[BlackElo "1125"]
[PlyCount "45"]
[EventDate "2011.10.01"]
[EventType "tourn (corr)"]
[EventRounds "6"]
[EventCountry "GER"]
[SourceTitle "Telechess CBM 153"]
[Source "ChessBase"]
[SourceDate "2013.03.14"]
[SourceVersion "1"]
[SourceVersionDate "2013.03.14"]
[SourceQuality "1"]

1. e4 c5 2. Nf3 d6 3. d4 cxd4 4. Nxd4 Nf6 5. Nc3 g6 6. Be3 Bg7 7. f3 0-0 8. Qd2 Nc6 9. Bc4 Qb6 10. 0-0-0 Qc7 11. Bd5 Nxd5 12. Nxd5 Qd7 13. h4 e6 14. Nc3 Ne5 15. b3 b6 16. h5 Ba6 17. Bh6 Nd3+ 18. Kb1 Bxh6 19. Qxh6 Nf2 20. Nd5 exd5 21. Nf5 f6 22. hxg6 Nxh1 23. Rxh1 1-0

[Event "SF-2011-0-00112"]
[Site "LSS email"]
[Date "2011.09.26"]
[Round "?"]
[White "Cottegnie, Alain"]
[Black "Winter, Malcolm J"]
[Result "1-0"]
[WhiteElo "1137"]
[BlackElo "1081"]
[PlyCount "53"]
[EventDate "2011.08.10"]
[EventType "tourn (corr)"]
[EventRounds "6"]
[EventCountry "GER"]
[SourceTitle "Telechess CBM 157"]
[Source "ChessBase"]
[SourceDate "2013.11.12"]
[SourceVersion "1"]
[SourceVersionDate "2013.11.12"]
[SourceQuality "1"]

1. c4 e6 2. Nc3 d5 3. b3 Nf6 4. Nf3 c6 5. d4 Bb4 6. Bd2 0-0 7. a3 Bxc3 8. Bxc3 Ne4 9. Bb4 Re8 10. e3 Nd7 11. Qc2 Ndf6 12. Bd3 dxc4 13. Bxe4 Nxe4 14. Qxe4 cxb3 15. Rb1 a5 16. Bc3 a4 17. 0-0 Qd5 18. Qh4 b5 19. Ne5 Ba6 20. Rfd1 Bb7 21. e4 Qd8 22. Qf4 Qc7 23. Qg4 Rad8 24. Bb2 Qe7 25. Rbc1 Rd6 26. Nd3 f6 27. e5 1-0

[Event "SF-2011-0-00094"]
[Site "LSS email"]
[Date "2011.04.28"]
[Round "?"]
[White "Cottegnie, Alain"]
[Black "O'Brien, Glenn"]
[Result "0-1"]
[WhiteElo "1123"]
[BlackElo "1261"]
[PlyCount "34"]
[EventDate "2011.03.24"]
[EventType "tourn (corr)"]
[EventRounds "6"]
[EventCountry "GER"]
[SourceTitle "Corr 2015"]
[Source "ChessBase"]
[SourceDate "2015.07.17"]
[SourceVersion "1"]
[SourceVersionDate "2015.07.17"]
[SourceQuality "1"]

1. c4 e5 2. Nc3 Nf6 3. Nf3 Nc6 4. g3 d5 5. cxd5 Nxd5 6. Bg2 Nb6 7. 0-0 Be7 8. d3 0-0 9. a4 Be6 10. a5 Nd5 11. a6 bxa6 12. Rxa6 Ndb4 13. Ra4 f6 14. Be3 a5 15. Nd2 Qd7 16. f4 Rfb8 17. Qc2 Nxc2 0-1

[Event "SF-2011-0-00094"]
[Site "LSS email"]
[Date "2011.04.27"]
[Round "?"]
[White "Hall, Dick"]
[Black "Cottegnie, Alain"]
[Result "1/2-1/2"]
[WhiteElo "1410"]
[BlackElo "1123"]
[PlyCount "86"]
[EventDate "2011.03.24"]
[EventType "tourn (corr)"]
[EventRounds "6"]
[EventCountry "GER"]
[SourceTitle "Telechess CBM 157"]
[Source "ChessBase"]
[SourceDate "2013.11.12"]
[SourceVersion "1"]
[SourceVersionDate "2013.11.12"]
[SourceQuality "1"]

1. e4 c5 2. Nf3 Nc6 3. d4 cxd4 4. Nxd4 Nf6 5. Nc3 g6 6. Be3 Bg7 7. Bc4 0-0 8. Bb3 Na5 9. 0-0 d6 10. h3 Nxb3 11. axb3 b6 12. Re1 Bb7 13. Bg5 h6 14. Bh4 g5 15. Bg3 Qd7 16. Nf5 Nxe4 17. Qg4 e6 18. Nxg7 Nxg3 19. Nxe6 fxe6 20. Qxg3 Rf4 21. Rad1 Raf8 22. Rd2 R8f5 23. Qe3 e5 24. f3 Rf7 25. Nd5 Bxd5 26. Rxd5 Qc6 27. c4 Re7 28. Red1 Rf6 29. Qe4 a5 30. b4 axb4 31. b3 Ra7 32. Qc2 Ra5 33. Qd2 Rxd5 34. Qxd5+ Qxd5 35. Rxd5 Kf7 36. Rb5 Rf4 37. Rxb6 e4 38. fxe4 Rxe4 39. Kf2 d5 40. Rxb4 dxc4 41. Rxc4 Re8 42. Kf3 Rb8 43. b4 Ke6 1/2-1/2

[Event "SN-2011-0-00323"]
[Site "LSS email"]
[Date "2011.03.16"]
[Round "?"]
[White "Cottegnie, Alain"]
[Black "Lauer, Fredric"]
[Result "1-0"]
[WhiteElo "1010"]
[BlackElo "918"]
[PlyCount "34"]
[EventDate "2011.03.06"]
[EventType "tourn (corr)"]
[EventRounds "6"]
[EventCountry "GER"]
[SourceTitle "Corr 2013"]
[Source "ChessBase"]
[SourceDate "2012.11.12"]
[SourceVersion "1"]
[SourceVersionDate "2012.11.12"]
[SourceQuality "1"]

1. c4 Nf6 2. Nc3 g6 3. Nf3 Bg7 4. g3 0-0 5. Bg2 c5 6. 0-0 Nc6 7. Rb1 d6 8. d3 Bg4 9. a3 a6 10. b4 Rb8 11. bxc5 dxc5 12. Bf4 Rc8 13. Rxb7 Bxf3 14. Bxf3 Nd4 15. Bg2 Nh5 16. Nd5 e6 17. Ne7+ Kh8 1-0

[Event "SN-2011-0-00323"]
[Site "LSS email"]
[Date "2011.03.16"]
[Round "?"]
[White "Cottegnie, Alain"]
[Black "Parente, Antonio Manuel Peix"]
[Result "1-0"]
[WhiteElo "1010"]
[BlackElo "676"]
[PlyCount "35"]
[EventDate "2011.03.06"]
[EventType "tourn (corr)"]
[EventRounds "6"]
[EventCountry "GER"]
[SourceTitle "Telechess CBM 145"]
[Source "Chessbase"]
[SourceDate "2011.11.11"]
[SourceVersion "1"]
[SourceVersionDate "2011.11.11"]
[SourceQuality "1"]

1. c4 d6 2. Nc3 e5 3. Nf3 Nc6 4. g3 Nf6 5. Bg2 Bg4 6. 0-0 Qd7 7. d3 Bh3 8. Bg5 Be7 9. Bxf6 Bxg2 10. Kxg2 Bxf6 11. Nd5 0-0 12. Nxf6+ gxf6 13. Rb1 h5 14. e4 a6 15. Nh4 Nd4 16. Qxh5 Kg7 17. f4 Rh8 18. Nf5+ 1-0

[Event "OP-2010-0-01332"]
[Site "LSS email"]
[Date "2010.12.06"]
[Round "?"]
[White "Shim Ng Min, Francis"]
[Black "Cottegnie, Alain"]
[Result "0-1"]
[WhiteElo "1285"]
[BlackElo "911"]
[PlyCount "43"]
[EventDate "2010.11.30"]
[EventType "tourn (corr)"]
[EventRounds "4"]
[EventCountry "GER"]
[SourceTitle "Telechess CBM 143"]
[Source "ChessBase"]
[SourceDate "2011.07.15"]
[SourceVersion "1"]
[SourceVersionDate "2011.07.15"]
[SourceQuality "1"]

1. e4 c5 2. Nf3 d6 3. d4 Nf6 4. dxc5 Nxe4 5. cxd6 Nxd6 6. Bf4 e6 7. Nc3 Nc6 8. Qd2 Be7 9. 0-0-0 Nf5 10. Bd3 0-0 11. Qe1 Bd7 12. Qe4 g6 13. h4 Nxh4 14. Bh6 f5 15. Qe2 Nxf3 16. Bxf8 Nfd4 17. Qe3 Qxf8 18. Bc4 Bf6 19. Nb5 Qb4 20. Nxd4 Qxc4 21. Qh6 Nxd4 22. Qxh7+ 0-1

[Event "OP-2010-0-01332"]
[Site "LSS email"]
[Date "2010.12.05"]
[Round "?"]
[White "Cottegnie, Alain"]
[Black "Brokaar, Joey"]
[Result "1-0"]
[WhiteElo "1010"]
[BlackElo "1712"]
[PlyCount "55"]
[EventDate "2010.11.30"]
[EventType "tourn (corr)"]
[EventRounds "4"]
[EventCountry "GER"]
[SourceTitle "Telechess CBM 145"]
[Source "Chessbase"]
[SourceDate "2011.11.11"]
[SourceVersion "1"]
[SourceVersionDate "2011.11.11"]
[SourceQuality "1"]

1. c4 b6 2. Nc3 Nf6 3. g3 Bb7 4. Nf3 e6 5. Bg2 Be7 6. 0-0 0-0 7. d4 d6 8. d5 e5 9. e4 Nbd7 10. Bh3 Nc5 11. Qc2 Bc8 12. Bxc8 Qxc8 13. a3 Qg4 14. Kg2 Nfxe4 15. Nxe5 dxe5 16. f3 Qg6 17. fxe4 Bg5 18. d6 cxd6 19. Bxg5 f6 20. Be3 Rfd8 21. Rf5 Qf7 22. Qe2 Qb7 23. Qg4 Rf8 24. Nd5 Kh8 25. Rh5 Rad8 26. Qg6 h6 27. Bxh6 gxh6 28. Rxh6+ 1-0

[Event "OP-2010-0-01332"]
[Site "LSS email"]
[Date "2010.12.05"]
[Round "?"]
[White "Cottegnie, Alain"]
[Black "Lombardi, Donato"]
[Result "1-0"]
[WhiteElo "924"]
[BlackElo "1187"]
[PlyCount "61"]
[EventDate "2010.11.30"]
[EventType "tourn (corr)"]
[EventRounds "4"]
[EventCountry "GER"]
[SourceTitle "Telechess CBM 143"]
[Source "ChessBase"]
[SourceDate "2011.07.15"]
[SourceVersion "1"]
[SourceVersionDate "2011.07.15"]
[SourceQuality "1"]

1. c4 c5 2. Nc3 Nc6 3. Nf3 Nf6 4. g3 g6 5. Bg2 Bg7 6. 0-0 0-0 7. d4 cxd4 8. Nxd4 e5 9. Ndb5 a6 10. Nd6 Qc7 11. Nxc8 Rfxc8 12. Bg5 Qb6 13. Bxf6 Bxf6 14. Nd5 Qd8 15. Nxf6+ Qxf6 16. Qxd7 Rab8 17. b3 Qe7 18. Bxc6 Qxd7 19. Bxd7 Rd8 20. Rad1 b6 21. e4 Kf8 22. Rd5 Rb7 23. Rfd1 f6 24. Bc6 Rxd5 25. exd5 Rc7 26. d6 Rc8 27. Bb7 Rd8 28. Bxa6 Kf7 29. b4 Ke6 30. d7 Ke7 31. Bc8 1-0

[Event "ZN-2010-0-01208"]
[Site "LSS email"]
[Date "2010.11.06"]
[Round "?"]
[White "Bearce, Harold L"]
[Black "Cottegnie, Alain"]
[Result "0-1"]
[WhiteElo "510"]
[BlackElo "800"]
[PlyCount "40"]
[EventDate "2010.11.03"]
[EventType "match (corr)"]
[EventRounds "2"]
[EventCountry "GER"]
[SourceTitle "Telechess CBM 143"]
[Source "ChessBase"]
[SourceDate "2011.07.15"]
[SourceVersion "1"]
[SourceVersionDate "2011.07.15"]
[SourceQuality "1"]

1. e4 c5 2. Nf3 Nc6 3. d4 d6 4. d5 Ne5 5. Nxe5 dxe5 6. Qh5 Qd6 7. Bb5+ Bd7 8. Bxd7+ Qxd7 9. Qxe5 f6 10. Qf4 e5 11. Qe3 Nh6 12. h3 Be7 13. 0-0 0-0 14. c4 f5 15. exf5 Rxf5 16. b3 Qd6 17. Nc3 Raf8 18. Ne4 Qg6 19. Nxc5 Rf3 20. Qe2 Bxc5 0-1

[Event "ZN-2010-0-01207"]
[Site "LSS email"]
[Date "2010.11.05"]
[Round "?"]
[White "Cottegnie, Alain"]
[Black "Young, Paul"]
[Result "1-0"]
[WhiteElo "800"]
[BlackElo "800"]
[PlyCount "56"]
[EventDate "2010.11.03"]
[EventType "match (corr)"]
[EventRounds "2"]
[EventCountry "GER"]
[SourceTitle "Telechess CBM 143"]
[Source "ChessBase"]
[SourceDate "2011.07.15"]
[SourceVersion "1"]
[SourceVersionDate "2011.07.15"]
[SourceQuality "1"]

1. c4 e5 2. Nc3 Nf6 3. Nf3 Nc6 4. g3 b6 5. Bg2 Bc5 6. 0-0 Ba6 7. Nxe5 Nxe5 8. Bxa8 Qxa8 9. d4 Qc6 10. dxe5 Bb7 11. Nd5 0-0 12. exf6 gxf6 13. Be3 Re8 14. Bxc5 Qxc5 15. Nxf6+ Kf8 16. Nxe8 Qc6 17. f3 Kxe8 18. Qc2 b5 19. Qxh7 bxc4 20. Rac1 Qe6 21. Rfe1 a5 22. Qh8+ Ke7 23. Qh4+ Ke8 24. Qxc4 Qh3 25. Qxc7 f5 26. Qxb7 Kf7 27. Qxd7+ Kf6 28. Qd4+ Kg5 1-0

[Event "ZN-2010-0-01206"]
[Site "LSS email"]
[Date "2010.11.05"]
[Round "?"]
[White "Rey, Dieter"]
[Black "Cottegnie, Alain"]
[Result "0-1"]
[WhiteElo "612"]
[BlackElo "800"]
[PlyCount "64"]
[EventDate "2010.11.03"]
[EventType "match (corr)"]
[EventRounds "2"]
[EventCountry "GER"]
[SourceTitle "Telechess CBM 143"]
[Source "ChessBase"]
[SourceDate "2011.07.15"]
[SourceVersion "1"]
[SourceVersionDate "2011.07.15"]
[SourceQuality "1"]

1. d4 d5 2. c4 Nf6 3. cxd5 Nxd5 4. Nc3 e6 5. e4 Nxc3 6. bxc3 Be7 7. Nf3 b6 8. Bd3 0-0 9. 0-0 Bb7 10. a4 c5 11. Ba3 Qd7 12. Qc2 Nc6 13. Rfd1 cxd4 14. cxd4 Rac8 15. Qe2 Bxa3 16. Rxa3 Nxd4 17. Nxd4 Qxd4 18. Ba6 Qb4 19. Bxb7 Qxa3 20. Bxc8 Rxc8 21. Qa6 Rc1 22. Rf1 Rxf1+ 23. Kxf1 Qd6 24. Qc8+ Qf8 25. Qb7 Qd8 26. Ke2 a5 27. Qc6 h6 28. Ke3 Qg5+ 29. Kf3 Qf6+ 30. Ke3 g5 31. Qxb6 Qf4+ 32. Kd4 Qxf2+ 0-1